[Event "Bundesliga 2007-8"]
[Site "Hamburg GER"]
[Date "2008.03.08"]
[Round "10"]
[White "Nyback,T"]
[Black "Holzke,F"]
[Result "1-0"]
[WhiteElo "2579"]
[BlackElo "2503"]

1.d4 Nf6 2.c4 g6 3.Nc3 d5 4.cxd5 Nxd5 5.e4 Nxc3 6.bxc3 Bg7 7.Bc4 c5 8.Ne2 Nc6
9.Be3 O-O 10.O-O Bg4 11.f3 Na5 12.Bd3 cxd4 13.cxd4 Be6 14.d5 Bxa1 15.Qxa1 f6
16.Qd4 Bd7 17.e5 fxe5 18.Qxe5 Qb8 19.Qxe7 Re8 20.Qc5 b6 21.Qc1 Qc8 22.Qd2 Nc4
23.Bxc4 Qxc4 24.Rc1 Qh4 25.Ng3 Rac8 26.Rxc8 Rxc8 27.Ne4 Rc2 28.Qd1 Ba4 29.Qa1 Re2
30.Bd2 Bd7 31.Qc3 Bf5 32.Ng3 Re8 33.Nxf5 gxf5 34.d6 Kf7 35.g3 Qa4 36.Qd3 Ke6
37.Bf4 Qxa2 38.d7 Rd8 39.Qd6+ Kf7 40.Bg5 Qa4 41.Kg2 Qa2+ 42.Kh3 Qe6 43.Qxe6+ Kxe6
44.Bxd8 Kxd7 45.Bg5 a5 46.Bd2 Ke6 47.g4  1-0

[Event "XXIII Open"]
[Site "Reykjavik ISL"]
[Date "2008.03.08"]
[Round "6"]
[White "Grandelius,N"]
[Black "Hermansson,E"]
[Result "1/2-1/2"]
[WhiteElo "2371"]
[BlackElo "2472"]

1.d4 Nf6 2.c4 g6 3.Nc3 d5 4.cxd5 Nxd5 5.e4 Nxc3 6.bxc3 Bg7 7.Bc4 c5 8.Ne2 O-O
9.O-O Nc6 10.Be3 Bd7 11.Rb1 Qc7 12.Bd3 Rfd8 13.f4 e6 14.f5 exf5 15.exf5 cxd4
16.cxd4 Re8 17.Qd2 Ne7 18.Bf4 Qc6 19.fxg6 hxg6 20.Rfc1 Qd5 21.Bc4 Qe4 22.Bd3 Qd5
23.Bc4 Qe4 24.Bd3 Qd5 25.Bc4 Qe4 26.Bd3  1/2-1/2

[Event "ch-UKR Boys u20"]
[Site "Odessa UKR"]
[Date "2008.03.11"]
[Round "7"]
[White "Ipatov,A"]
[Black "Bagrationi,A"]
[Result "1-0"]
[WhiteElo "2323"]
[BlackElo "2178"]

1.d4 Nf6 2.c4 g6 3.Nc3 d5 4.cxd5 Nxd5 5.e4 Nxc3 6.bxc3 Bg7 7.Ba3 O-O 8.Qb3 b6
9.Rd1 Nc6 10.Nf3 Na5 11.Qc2 Re8 12.Be2 Bb7 13.O-O Qc8 14.c4 Ba6 15.e5 c6
16.Bb4 c5 17.Bxa5 bxa5 18.d5 Qd7 19.Rfe1 Rab8 20.Bd3 Qc7 21.h4 e6 22.d6 Qd7
23.h5 Rb4 24.a3 Rb6 25.Ng5 Reb8 26.hxg6 Rb2 27.gxf7+ Kh8 28.Qc1 Bh6 29.Re4 Bxg5
30.Qxg5 Qxf7 31.Qf6+ Qxf6 32.exf6 Bc8 33.Rh4 R8b7 34.Bxh7 Rxh7 35.f7 Kg7  1-0

[Event "Victor Ciocaltea mem"]
[Site "Bucharest ROM"]
[Date "2008.03.18"]
[Round "5"]
[White "Shishkin,Va UKR"]
[Black "Lupulescu,C"]
[Result "1/2-1/2"]
[WhiteElo "2493"]
[BlackElo "2553"]

1.d4 Nf6 2.c4 g6 3.Nc3 d5 4.cxd5 Nxd5 5.e4 Nxc3 6.bxc3 Bg7 7.Nf3 c5 8.Bb5+ Bd7
9.Bxd7+ Qxd7 10.O-O O-O 11.Be3 cxd4 12.cxd4 e6  1/2-1/2

[Event "ch-Siberia"]
[Site "Novokuznetsk RUS"]
[Date "2008.03.18"]
[Round "6"]
[White "Klimov,A"]
[Black "Smikovski,I"]
[Result "1/2-1/2"]
[WhiteElo "2351"]
[BlackElo "2555"]

1.d4 Nf6 2.c4 g6 3.Nc3 d5 4.cxd5 Nxd5 5.e4 Nxc3 6.bxc3 Bg7 7.Bc4 c5 8.Ne2 Nc6
9.Be3 O-O 10.O-O Bg4 11.f3 Na5 12.Bxf7+ Rxf7 13.fxg4 Rxf1+ 14.Kxf1 cxd4 15.cxd4 e5
16.Kg1 Rc8 17.d5 Nc4 18.Bf2 Qd7 19.Ng3 b5 20.d6 a6 21.Qd5+ Qf7 22.d7 Rd8
23.Qc6 Qxd7 24.Qxa6 Rf8 25.Rf1 Nd2 26.Re1 Bh6 27.Qb6 Bf4 28.Nf1 Nc4 29.Qa6 Bg5
30.a4 Rxf2 31.Kxf2 Qd4+ 32.Kg3 Qc3+ 33.Kf2 Qd4+ 34.Kg3 Qc3+ 35.Kf2 Nb2 36.Re2 Nd3+
37.Kg1 b4 38.g3 b3 39.h4 Be7 40.Qa8+ Kg7 41.Qb7 Kf8 42.Qa8+ Kg7 43.Qb7 Kf8
44.Qa8+ Kg7 45.Qb7 Kf8  1/2-1/2

[Event "2nd Agzamov Memorial"]
[Site "Tashkent UZB"]
[Date "2008.03.19"]
[Round "1"]
[White "Hamrakulova,Y"]
[Black "Kurnosov,I"]
[Result "0-1"]
[WhiteElo "2210"]
[BlackElo "2577"]

1.d4 g6 2.c4 Nf6 3.Nc3 d5 4.cxd5 Nxd5 5.e4 Nxc3 6.bxc3 Bg7 7.Bc4 c5 8.Ne2 Nc6
9.Be3 cxd4 10.cxd4 Qa5+ 11.Qd2 Bd7 12.Rc1 O-O 13.Bd3 Qxd2+ 14.Kxd2 f5 15.f3 fxe4
16.Bxe4 Rfd8 17.Rhd1 Rac8 18.Ke1 b6 19.Kf2 Kf7 20.h4 Nb4 21.a3 Na2 22.Rxc8 Rxc8
23.Bd2 Bf5 24.Rb1 Bxe4 25.fxe4 Rc4 26.Rb2 Nc1 27.Bxc1 Rxc1 28.Rb3 Rc2 29.Kf3 e5
30.dxe5 Bxe5 31.a4 Ra2 32.Rb4 Ra3+ 33.Kf2 Bd6 34.Rc4 Bc5+ 35.Ke1 Kf6 36.Kd2 Ra2+
37.Kd3 Ke5 38.g3 Ra1 39.Kc2 a6 40.Nc1 Bd4 41.Ne2 Ra2+ 42.Kd3 Ra3+ 43.Kd2 Be3+
44.Kc2 Ra2+ 45.Kd3 Bh6 46.Nd4 Ra3+ 47.Ke2 Re3+ 48.Kf2 Rxe4 49.Nf3+ Kd5 50.Rc7 Be3+
51.Kg2 h6 52.Rg7 Re6 53.Rc7 Bc5 54.g4 Re2+ 55.Kh3 Re3 56.Kg2 Re4 57.g5 hxg5
58.hxg5 Rxa4 59.Rg7 Ra2+ 60.Kh3 Ke4 61.Nh4 Kf4 62.Rxg6 Ra3+ 63.Kh2 Kg4  0-1

[Event "Doeberl Cup"]
[Site "Canberra AUS"]
[Date "2008.03.20"]
[Round "2"]
[White "Suttor,V"]
[Black "De Noskowski,A"]
[Result "1-0"]
[WhiteElo "2139"]
[BlackElo "1959"]

1.d4 Nf6 2.c4 g6 3.Nc3 d5 4.cxd5 Nxd5 5.e4 Nxc3 6.bxc3 Bg7 7.Bc4 c5 8.Ne2 Nc6
9.Be3 O-O 10.h4 cxd4 11.cxd4 Qa5+ 12.Kf1 Bd7 13.h5 Rac8 14.hxg6 hxg6 15.Rb1 Nb4
16.Bb3 Bb5 17.Bd2 Bxe2+ 18.Qxe2 e6 19.Kg1 Qa3 20.Qg4 Rfe8 21.Qh4 Kf8 22.Bxe6 a5
23.Bxc8 Rxc8 24.Rh3 Qxa2 25.Rxb4 Qxd2 26.Rxb7 g5 27.Qg3 Bxd4 28.Qf3 Bxf2+
29.Kh2 Qd6+ 30.g3 Bxg3+ 31.Rxg3 Rc2+ 32.Kh1 Qh6+ 33.Rh3 Rc1+ 34.Kg2 Rc2+
35.Kg1 Rc1+ 36.Kf2 Rc2+ 37.Ke1 Qe6 38.Rh8+ Kg7 39.Rxf7+  1-0

[Event "39th Open"]
[Site "Mar del Plata ARG"]
[Date "2008.03.20"]
[Round "7"]
[White "Meza,H"]
[Black "Tokman,A"]
[Result "1-0"]
[WhiteElo "2246"]
[BlackElo "2083"]

1.d4 Nf6 2.c4 g6 3.Nc3 d5 4.cxd5 Nxd5 5.e4 Nxc3 6.bxc3 Bg7 7.Bc4 O-O 8.Ne2 Nc6
9.O-O b6 10.Be3 Bb7 11.f4 Na5 12.Bd3 f5 13.exf5 Qd5 14.Rf3 gxf5 15.Ng3 Qe6
16.Bf2 Bxf3 17.Qxf3 Rac8 18.Re1 Qd7 19.Re3 c5 20.Qe2 Rc7 21.Nh5 Rf7 22.Rg3 c4
23.Qe5 cxd3 24.Nxg7 Rf6 25.Nh5+ Kf7 26.Rg7+ Kf8 27.Nxf6 Qa4 28.Nxh7+ Ke8
29.Rg8+ Kf7  1-0

[Event "20th Festival"]
[Site "Lenk SUI"]
[Date "2008.03.21"]
[Round "3"]
[White "Rufener,M"]
[Black "Lavanchy,M"]
[Result "1-0"]
[WhiteElo "2304"]
[BlackElo "1967"]

1.d4 Nf6 2.c4 g6 3.Nc3 d5 4.cxd5 Nxd5 5.e4 Nxc3 6.bxc3 Bg7 7.Be3 O-O 8.Bc4 c5
9.Ne2 cxd4 10.cxd4 Nc6 11.Rc1 Bg4 12.f3 Bd7 13.h4 h5 14.Nf4 Na5 15.Be2 Rc8
16.Kf2 Rxc1 17.Qxc1 e5 18.dxe5 Bxe5 19.g3 Nc6 20.Rd1 Qc8 21.Bc4 Kh7 22.Bc5 Na5
23.Bxf8 Nxc4 24.Nd5 Qxf8 25.Qxc4 Be6 26.f4 Bg7 27.Rd3 Qd8 28.a4 f5 29.e5 Kh6
30.Qc7 Qxc7 31.Nxc7 Bc4 32.Rc3  1-0

[Event "Internatonal Open"]
[Site "Sydney AUS"]
[Date "2008.03.25"]
[Round "8"]
[White "Broekhuyse,P"]
[Black "Fuatai,F"]
[Result "1/2-1/2"]
[WhiteElo "2130"]
[BlackElo "2087"]

1.d4 Nf6 2.c4 g6 3.Nc3 d5 4.cxd5 Nxd5 5.e4 Nxc3 6.bxc3 Bg7 7.Nf3 c5 8.Be3 Nc6
9.Be2 O-O 10.Qd2 Bg4 11.d5 Qa5 12.Rc1 Bxf3 13.gxf3 Rad8 14.O-O Qa3 15.Rfd1 a6
16.Qc2 Nb8 17.Rb1 Rd7 18.Rb3 Qa5 19.Rdb1 b5 20.Bxc5 Rc8 21.Ra3 Qc7 22.Bb4 Qf4
23.Qc1 Qh4 24.Qf1 Be5 25.Qg2 Qf4 26.Rd1 Qf6 27.Rd3 Rdc7 28.Ba5 Rc5 29.Bb4  1/2-1/2

[Event "3rd Open"]
[Site "Kolkata IND"]
[Date "2008.03.28"]
[Round "5"]
[White "Sundararajan,K"]
[Black "Sasikiran,K"]
[Result "0-1"]
[WhiteElo "2442"]
[BlackElo "2677"]

1.d4 Nf6 2.c4 g6 3.Nc3 d5 4.cxd5 Nxd5 5.e4 Nxc3 6.bxc3 Bg7 7.Bc4 c5 8.Ne2 O-O
9.O-O Nc6 10.Be3 Bd7 11.Rb1 Qc7 12.Bd3 Rfd8 13.Qd2 Be8 14.Rfc1 e6 15.Bh6 Bh8
16.Qg5 Qd6 17.Rxb7 cxd4 18.cxd4 Nxd4 19.Nxd4 Qxd4 20.Qe7 Bg7 21.Bxg7 Kxg7
22.Bf1 Qxe4 23.Rxa7 Qf4 24.Rc4 Qe5 25.Qc7 Qa1 26.Rf4 Rd7 27.Qxd7 Bxd7 28.Rxd7 Rf8
29.a4 e5 30.Rc4 Rb8 31.Rcc7 Qa2 32.Rxf7+ Qxf7 33.Rxf7+ Kxf7 34.a5 e4 35.g3 Kf6
36.a6 Rb1 37.Kg2 Ra1 38.Bc4 Ke5 39.h4 Kd4 40.Bb5 Ra5 41.Bf1 Ra2 42.Kg1 Ra1
43.Kg2 Ra2 44.Kg1 e3 45.fxe3+ Kxe3 46.Bc4 Ra4 47.Bd5 Rxa6 48.Kg2 Rd6 49.Bb7 Rd1
50.Bc6 Rd2+ 51.Kg1 Rc2 52.Bd5 Rc5 53.Bb7 g5 54.hxg5 Rxg5 55.Kg2 Rc5 56.Kg1 Rc2
57.Bd5 h6 58.Bb7 h5 59.Kf1 Rc7 60.Ba6 Rc6 61.Bb5 Rc5 62.Ba6 Kf3  0-1

[Event "FKB ch-USA Qualifier"]
[Site "Tulsa USA"]
[Date "2008.03.29"]
[Round "3"]
[White "Vedrickas,T"]
[Black "Mc Entee,T"]
[Result "1-0"]
[WhiteElo "2283"]
[BlackElo "2147"]

1.d4 Nf6 2.c4 g6 3.Nc3 d5 4.cxd5 Nxd5 5.e4 Nxc3 6.bxc3 Bg7 7.Bc4 O-O 8.Ne2 Nc6
9.Be3 Na5 10.Bd3 Be6 11.d5 Bd7 12.O-O c6 13.c4 e6 14.Rc1 b6 15.Qd2 Nb7 16.Rfd1 cxd5
17.cxd5 Nd6 18.Qb4 Qe7 19.Ba6 e5 20.Rc7 Rfd8 21.Bb7 Rab8 22.Bc6 Qe8 23.Qxd6 Bf8
24.Qxd7 Rxd7 25.Rxd7 Rd8 26.Rxd8 Qxd8 27.Nc3 Bd6 28.Nb5 Qe7 29.h3 f5 30.Nxd6 Qxd6
31.Bc1 f4 32.Ba3  1-0

[Event "FKB ch-USA Qualifier"]
[Site "Tulsa USA"]
[Date "2008.03.29"]
[Round "5"]
[White "Betaneli,A"]
[Black "Mc Entee,T"]
[Result "1-0"]
[WhiteElo "2242"]
[BlackElo "2147"]

1.d4 Nf6 2.c4 g6 3.Nc3 d5 4.cxd5 Nxd5 5.e4 Nxc3 6.bxc3 Bg7 7.Nf3 O-O 8.Be2 c5
9.Be3 cxd4 10.cxd4 Qa5+ 11.Bd2 Qa3 12.O-O Nc6 13.d5 Ne5 14.Nxe5 Bxe5 15.Bh6 Rd8
16.Rc1 Bd7 17.Qd3 Qxd3 18.Bxd3 Rdc8 19.Be3 a6 20.f4 Bc3 21.Kf2 b5 22.Kf3 b4
23.h3 a5 24.Ke2 Rcb8 25.Bd2 Bxd2 26.Kxd2 Rb7 27.Rb1 Bb5 28.Rfc1 Kf8 29.Rc5 Bd7
30.e5 Ke8 31.g4 Kd8 32.f5 Rc7 33.Rxc7 Kxc7 34.Rc1+ Kb6 35.e6 fxe6 36.dxe6 Be8
37.Ke3 gxf5 38.gxf5 a4 39.Rc4 Ka5 40.Rc7 b3 41.axb3 axb3 42.Rb7 Bc6 43.Rxb3 Rg8
44.Kf4 Rg1 45.Be4 Bb5 46.Rg3 Rf1+ 47.Kg5 Kb6 48.Bd3 Rf2 49.Bxb5 Kxb5 50.Rd3 Kc6
51.Rd7 h6+ 52.Kg6 Rh2 53.Rxe7 Rxh3 54.Rh7 Kd6 55.Rxh6 Rf3 56.Kf6 Rf1 57.Rh8  1-0

[Event "TCh-HUN 2007-8"]
[Site "Budapest HUN"]
[Date "2008.03.30"]
[Round "9"]
[White "Prohaszka,P2"]
[Black "Veroci,Z"]
[Result "1-0"]
[WhiteElo "2470"]
[BlackElo "2279"]

1.d4 Nf6 2.c4 g6 3.Nc3 d5 4.cxd5 Nxd5 5.e4 Nxc3 6.bxc3 Bg7 7.Bc4 O-O 8.Ne2 Nc6
9.O-O b6 10.Be3 Bb7 11.Rc1 Qd6 12.Qd2 Na5 13.Bd3 c5 14.d5 c4 15.Bc2 Rad8
16.Nd4 e5 17.Nb5 Qb8 18.Rb1 Ba8 19.Nxa7 Qxa7 20.Bxb6 Qa6 21.Bxd8 Rxd8 22.Qe3 Nb7
23.a4 Bf8 24.Qb6 Rd6 25.Qc7 Rf6 26.Qxe5 Bc5 27.Qe8+ Kg7 28.e5 Rf4 29.g3 Rg4
30.Kg2 Nd6 31.exd6 Bxd5+ 32.f3 Qxd6 33.Rbd1 Rg5 34.Be4 Re5 35.Rxd5 Rxe8 36.Rxd6 Bxd6
37.a5 f5 38.Bc6 Re7 39.a6 Bc5 40.Rf2 Kf6 41.Ra2 Ba7 42.Bd5 h5 43.f4 g5 44.fxg5+ Kxg5
45.Bxc4 Re3 46.Rc2 h4 47.gxh4+ Kxh4 48.Be2 Re6 49.Bb5 Kg4 50.h3+ Kg5 51.c4 Bc5
52.Rd2 Kf4 53.Rd5 Be3 54.Rxf5+ Ke4 55.Rf8 Re7 56.Rg8 Rc7 57.Kg3 Bc5 58.Kg4 Rf7
59.Re8+ Kd4 60.h4 Rg7+ 61.Kf5 Rf7+ 62.Kg6 Rf1 63.Rd8+ Ke4 64.Rd5 Bd4 65.h5 Rf6+
66.Kg5 Rf8 67.Rxd4+ Kxd4 68.h6 Kc5 69.h7 Kb6 70.Kg6 Rc8 71.Bd7 Rd8 72.Be6  1-0

[Event "FKB ch-USA Qualifier"]
[Site "Tulsa USA"]
[Date "2008.03.30"]
[Round "7"]
[White "Bercys,S"]
[Black "Fedorowicz,J"]
[Result "0-1"]
[WhiteElo "2421"]
[BlackElo "2470"]

1.d4 Nf6 2.c4 g6 3.Nc3 d5 4.cxd5 Nxd5 5.e4 Nxc3 6.bxc3 Bg7 7.Nf3 c5 8.Be3 Qa5
9.Qd2 O-O 10.Rc1 Rd8 11.d5 e6 12.c4 Qxd2+ 13.Nxd2 b6 14.Be2 Na6 15.O-O Nb4
16.a3 Na2 17.Rc2 Nc3 18.Bd3 Ba6 19.Bg5 exd5 20.Bxd8 Rxd8 21.exd5 Nxd5 22.Re1 Nf4
23.Bf1 Ne6 24.Nb3 Bb7 25.a4 a5 26.Ra2 Bc3 27.Rc1 Bb4 28.f3 Bc6 29.Kf2 Kg7
30.Be2 Nd4 31.Nxd4 cxd4 32.Bd3 Re8 33.Be4 Bxe4 34.fxe4 Rxe4 35.Rd1 Bc5 36.Rd3 f5
37.Re2 Kf6 38.h3 h5 39.Kf3 Ke5 40.Rd1 g5 41.Rd3 Bb4 42.Rd1 Bc5 43.Rd3 g4+
44.Kf2 h4 45.Kf1 Bb4 46.Rd1 Rxe2 47.Kxe2 Ke4 48.Rf1 d3+ 49.Kd1 gxh3 50.gxh3 f4
51.Rg1 f3 52.Rg6 f2 53.Rf6 Bc5  0-1

[Event "K41 Scandinavian Open"]
[Site "Valby DEN"]
[Date "2008.03.30"]
[Round "2"]
[White "Smith,Ax"]
[Black "Mikkelsen,N"]
[Result "0-1"]
[WhiteElo "2458"]
[BlackElo "2390"]

1.d4 Nf6 2.c4 g6 3.Nc3 d5 4.cxd5 Nxd5 5.e4 Nxc3 6.bxc3 Bg7 7.Bc4 c5 8.Ne2 Nc6
9.Be3 cxd4 10.cxd4 Qa5+ 11.Bd2 Qd8 12.Be3 Qa5+ 13.Bd2 Qd8 14.d5 Ne5 15.Bc3 Bd7
16.Bb3 Rc8 17.O-O Qb6 18.Bd4 Qa6 19.f4 Bg4 20.Rf2 Bxe2 21.Rxe2 Qxe2 22.Qxe2 Nf3+
23.gxf3 Bxd4+ 24.Kg2 Bxa1 25.Qb5+ Kf8 26.Qxb7 Re8 27.Ba4 Rd8 28.Qxa7 Rg8
29.Qc7 Ra8 30.Bb3 g5 31.f5 Kg7 32.Qxe7 Rae8 33.Qa7 Ra8 34.Qe7 Rae8 35.Qa7 Ra8
36.Qc7 Rac8 37.Qg3 f6 38.d6 Rgd8 39.Qe1 Be5 40.Qb4 Bxd6 41.Qb7+ Kh8 42.Kh3 Be5
43.Kg4 Rc7 44.Qb6 h5+ 45.Kxh5 Kg7 46.Kg4 Rh8 47.f4 Bxf4 48.e5 Rh4+ 49.Kf3 Rc3+
50.Ke2 Rxh2+ 51.Kd1 Rc1+  0-1

[Event "GM"]
[Site "Beer Sheva ISR"]
[Date "2008.04.02"]
[Round "6"]
[White "Bykhovsky,Av"]
[Black "Tseitlin,Ma"]
[Result "1/2-1/2"]
[WhiteElo "2428"]
[BlackElo "2502"]

1.d4 Nf6 2.c4 g6 3.Nc3 d5 4.cxd5 Nxd5 5.e4 Nxc3 6.bxc3 Bg7 7.Bc4 c5 8.Ne2 O-O
9.Be3 Nc6 10.O-O Bg4 11.f3 Na5 12.Bxf7+  1/2-1/2

[Event "FSIM April"]
[Site "Budapest HUN"]
[Date "2008.04.05"]
[Round "1"]
[White "Szabo,Ben"]
[Black "Darazs,Z"]
[Result "1/2-1/2"]
[WhiteElo "2216"]
[BlackElo "2246"]

1.d4 Nf6 2.c4 g6 3.Nc3 d5 4.cxd5 Nxd5 5.e4 Nxc3 6.bxc3 Bg7 7.Bc4 c5 8.Ne2 Nc6
9.Be3 O-O 10.O-O Qc7 11.Rc1 Rd8 12.Qd2 Qa5 13.Rfd1 Bd7 14.Rb1 cxd4 15.cxd4 Qxd2
16.Rxd2 Na5 17.Bd3 Rdc8 18.Rdd1 e5 19.d5 Bf8 20.Bd2 Nc4 21.Bb4  1/2-1/2

[Event "ch-NED w"]
[Site "Hilversum NED"]
[Date "2008.04.05"]
[Round "2"]
[White "Lanchava,T"]
[Black "Van Nies,P"]
[Result "1/2-1/2"]
[WhiteElo "2365"]
[BlackElo "2184"]

1.d4 Nf6 2.c4 g6 3.Nc3 d5 4.cxd5 Nxd5 5.e4 Nxc3 6.bxc3 Bg7 7.Nf3 c5 8.Rb1 O-O
9.Be2 Nc6 10.d5 Ne5 11.Nxe5 Bxe5 12.Qd2 e6 13.f4 Bg7 14.c4 Re8 15.e5 f6 16.O-O fxe5
17.Bb2 exd5 18.cxd5 Bf5 19.Rbe1 exf4 20.d6 Qd7 21.Bxg7 Qxg7 22.Rxf4 Kh8 23.g4 Bd7
24.Ref1 Rad8 25.Bf3 g5  1/2-1/2

[Event "6th V.Nabokov Mem"]
[Site "Kyiv UKR"]
[Date "2008.04.09"]
[Round "7"]
[White "Golichenko,I"]
[Black "Shishkin,Va UKR"]
[Result "1-0"]
[WhiteElo "2353"]
[BlackElo "2510"]

1.d4 Nf6 2.c4 g6 3.Nc3 d5 4.cxd5 Nxd5 5.e4 Nxc3 6.bxc3 Bg7 7.Bc4 c5 8.Ne2 O-O
9.O-O Nc6 10.Be3 Na5 11.Bd3 b6 12.Qd2 e5 13.Bh6 cxd4 14.cxd4 exd4 15.Bxg7 Kxg7
16.f4 f6 17.Rac1 Bg4 18.Ng3 Bd7 19.Ne2 Bg4 20.Ng3 Bd7 21.h4 Rc8 22.h5 Qe7
23.Ba6 Rxc1 24.Rxc1 Nc6 25.Bb5 Qd6 26.h6+ Kxh6 27.e5 Qd5 28.f5+ Kg7 29.exf6+ Rxf6
30.Qg5 Rd6 31.f6+ Kf8 32.Qh6+ Ke8 33.Bc4  1-0

[Event "Gausdal Classics GMB"]
[Site "Gausdal NOR"]
[Date "2008.04.11"]
[Round "4"]
[White "Peek,Mar"]
[Black "Eriksen,T"]
[Result "1-0"]
[WhiteElo "2389"]
[BlackElo "2170"]

1.d4 Nf6 2.c4 g6 3.Nc3 d5 4.cxd5 Nxd5 5.e4 Nxc3 6.bxc3 Bg7 7.Nf3 c5 8.Rb1 O-O
9.Be2 Nc6 10.d5 Ne5 11.Nxe5 Bxe5 12.c4 Qd6 13.Qd2 Bd4 14.Bb2 Bxb2 15.Qxb2 e5
16.O-O f6 17.Bd1 Bd7 18.Qa3 Rfb8 19.Qg3 b5 20.cxb5 Rxb5 21.Bg4 Rxb1 22.Rxb1 Rb8
23.Rc1 Rb4 24.Bxd7 Qxd7 25.h3 Qd6 26.Qe3 Rb5 27.a4 Ra5 28.Qb3 Qb6 29.Qa2 Kf8
30.Rc4 Ke7 31.Kh2 Kd6 32.Qc2 Qc7 33.Qd2 Ra6 34.Qh6 Qe7 35.Qe3 Qc7 36.f4 Rb6
37.fxe5+ fxe5 38.Qf2 Rb4 39.Rxc5  1-0

[Event "Gausdal Classics GMB"]
[Site "Gausdal NOR"]
[Date "2008.04.15"]
[Round "8"]
[White "Peek,Mar"]
[Black "Flumbort,A"]
[Result "0-1"]
[WhiteElo "2389"]
[BlackElo "2499"]

1.d4 Nf6 2.c4 g6 3.Nc3 d5 4.cxd5 Nxd5 5.e4 Nxc3 6.bxc3 Bg7 7.Nf3 c5 8.Rb1 O-O
9.Be2 b6 10.O-O Bb7 11.Qd3 Ba6 12.Qe3 Qc8 13.d5 Bxe2 14.Qxe2 e6 15.c4 exd5
16.cxd5 Qa6 17.Qc2 Nd7 18.a4 c4 19.Ba3 Rfe8 20.Rfd1 Rac8 21.Nd4 Nc5 22.Bxc5 Rxc5
23.Nb5 Rd8 24.f4 Qb7 25.Nd4 c3 26.Nc6 Rd7 27.Rb5 Rxc6 28.dxc6 Rxd1+ 29.Qxd1 Qxc6
30.Qc2 a6 31.Rb1 Bd4+ 32.Kh1 Qc4 33.g3 b5 34.axb5 axb5 35.Kg2 b4 36.h4 Kg7
37.Kh2 Bc5 38.Kg2 Be3 39.Rb3 Qd4 40.Kf3 Bd2 41.Kg2 Be1 42.Kf3 Qg1 43.Rxb4 Qxg3+
44.Ke2 Bd2  0-1

[Event "Copenhagen Chess Challenge"]
[Site "Ballerup DEN"]
[Date "2008.04.16"]
[Round "1"]
[White "Grandelius,N"]
[Black "Andersen,Dani"]
[Result "1-0"]
[WhiteElo "2388"]
[BlackElo "2010"]

1.d4 Nf6 2.c4 g6 3.Nc3 d5 4.cxd5 Nxd5 5.e4 Nxc3 6.bxc3 Bg7 7.Bc4 O-O 8.Ne2 c5
9.O-O Nc6 10.Be3 Bd7 11.Rb1 Qc7 12.Bd3 e5 13.Qc1 Rac8 14.d5 Na5 15.Bh6 c4
16.Bc2 b5 17.Bxg7 Kxg7 18.f4 Nb7 19.Qe3 exf4 20.Rxf4 Qc5 21.Nd4 Rce8 22.Qf2 Qa3
23.Rf1 Nd6 24.Rf6 Re5 25.Qf4 Rfe8 26.Nf3  1-0

[Event "Open"]
[Site "Senj CRO"]
[Date "2008.04.19"]
[Round "4"]
[White "Drazic,S"]
[Black "Bodiroga,P"]
[Result "1/2-1/2"]
[WhiteElo "2497"]
[BlackElo "2405"]

1.d4 Nf6 2.c4 g6 3.Nc3 d5 4.cxd5 Nxd5 5.e4 Nxc3 6.bxc3 Bg7 7.Nf3 c5 8.Be3 O-O
9.Be2 Qa5 10.O-O Bg4 11.Qb3 cxd4 12.cxd4 Nc6 13.Rad1  1/2-1/2

[Event "IX EICC"]
[Site "Plovdiv BUL"]
[Date "2008.04.22"]
[Round "2"]
[White "Romanov,E"]
[Black "Mamedov,Rau"]
[Result "0-1"]
[WhiteElo "2547"]
[BlackElo "2617"]

1.d4 Nf6 2.c4 g6 3.Nc3 d5 4.cxd5 Nxd5 5.e4 Nxc3 6.bxc3 Bg7 7.Bc4 c5 8.Ne2 O-O
9.O-O Nc6 10.Be3 Bd7 11.Rc1 Qa5 12.f4 b5 13.Bb3 c4 14.Bc2 Bg4 15.d5 Bxc3
16.dxc6 Rad8 17.Nxc3 Bxd1 18.Nxd1 Qa3 19.Rf3 b4 20.Bb1 c3 21.Nf2 Rc8 22.e5 Rxc6
23.Be4 Rcc8 24.Rc2 Rfd8 25.f5 Qa4 26.e6 f6 27.fxg6 h5 28.g7 Rc4 29.Bf5 Rd5
30.Bg6 Kxg7 31.Rg3 Rg4 32.Be4 Rxg3 33.hxg3 f5 34.Bxd5 Qxc2 35.Bc4 a5 36.Nd3 Qe2
37.Bd4+ Kf8 38.Bb5 Qxe6 39.Nf4 Qd6 40.Kh2 c2 41.Bb2 e5 42.Ne2 Qd5 43.a4 bxa3
44.Bxa3+ Kg8 45.Ba6 Qc6  0-1

[Event "IX EICC"]
[Site "Plovdiv BUL"]
[Date "2008.04.23"]
[Round "3"]
[White "Kapnisis,S"]
[Black "Marin,Mi"]
[Result "1-0"]
[WhiteElo "2412"]
[BlackElo "2556"]

1.d4 Nf6 2.c4 g6 3.Nc3 d5 4.cxd5 Nxd5 5.e4 Nxc3 6.bxc3 Bg7 7.Bc4 O-O 8.Ne2 Nc6
9.h4 e5 10.Be3 Qe7 11.d5 Na5 12.Bd3 f5 13.Qa4 b6 14.h5 f4 15.Bc1 Bd7 16.Bb5 Bxb5
17.Qxb5 c6 18.Qd3 g5 19.a4 g4 20.Ba3 c5 21.f3 Qf6 22.c4 Rad8 23.Qc2 Kh8 24.O-O-O Rg8  1-0

[Event "IX EICC"]
[Site "Plovdiv BUL"]
[Date "2008.04.24"]
[Round "4"]
[White "Berczes,D"]
[Black "Bartel,Mat"]
[Result "0-1"]
[WhiteElo "2453"]
[BlackElo "2588"]

1.d4 Nf6 2.c4 g6 3.Nc3 d5 4.cxd5 Nxd5 5.e4 Nxc3 6.bxc3 Bg7 7.Bc4 c5 8.Ne2 Nc6
9.Be3 O-O 10.O-O Bd7 11.Rb1 Qc7 12.Bf4 Qc8 13.d5 Na5 14.Bd3 e5 15.Bd2 c4
16.Bc2 b6 17.f4 f6 18.Be3 Nb7 19.f5 Nd6 20.Ng3 Be8 21.h4 Qd7 22.Qe2 Rc8 23.Rbd1 b5
24.a3 Qe7 25.Qg4 gxf5 26.exf5 Kh8 27.Kh1 Rg8 28.Qf3 Bf8 29.Kh2 Qg7 30.Rd2 Rc7
31.Kh3 a5 32.Bb6 Rb7 33.Bc5 Nf7 34.Be3 Nh6 35.Bd1 Bxa3 36.d6 Bc6 37.Bxh6 Qxh6
38.Qxc6 Rxg3+ 39.Kxg3 Rg7+ 40.Kh2 Qxd2 41.d7 Qxd7 42.Qxf6 Qd2 43.Qc6 Bd6
44.Qe4 Qd3 45.Re1 Qxe4 46.Rxe4 a4 47.Bh5 a3 48.Re2 Ra7 49.Ra2 e4+ 50.Kg1 Be5
51.Be8 Ra5  0-1

[Event "IX EICC"]
[Site "Plovdiv BUL"]
[Date "2008.04.24"]
[Round "4"]
[White "Werle,J"]
[Black "Mamedov,Rau"]
[Result "1/2-1/2"]
[WhiteElo "2581"]
[BlackElo "2617"]

1.d4 Nf6 2.c4 g6 3.Nc3 d5 4.cxd5 Nxd5 5.e4 Nxc3 6.bxc3 Bg7 7.Bc4 c5 8.Ne2 O-O
9.O-O Nc6 10.Be3 Bd7 11.Rb1 Qc7 12.Bf4 Qc8 13.d5 Na5 14.Bd3 e5 15.Be3 f5
16.exf5 gxf5 17.f3 c4 18.Bc2 f4 19.Bf2 b6 20.g3 Bf5 21.gxf4 Qd7 22.Be4 Rae8
23.Ng3 Bh3 24.f5 Nb7 25.Kh1 Nd6 26.Rg1 Kh8 27.Nh5 Bxf5 28.Bxf5 Nxf5 29.Nxg7 Nxg7
30.Rb4 b5 31.Rb2 Nf5 32.Re2 h6 33.Re4 Qd6 34.f4 exf4 35.Qd4+ Nxd4 36.Bxd4+ Rf6
37.Bxf6+ Qxf6 38.Rxe8+ Kh7 39.Re6 Qxc3  1/2-1/2

[Event "3rd Open"]
[Site "Angers FRA"]
[Date "2008.04.26"]
[Round "4"]
[White "Pierson,E"]
[Black "Gac,J"]
[Result "1-0"]
[WhiteElo "1884"]
[BlackElo "1452"]

1.d4 Nf6 2.c4 g6 3.Nc3 d5 4.cxd5 Nxd5 5.e4 Nxc3 6.bxc3 Bg7 7.Bc4 c5 8.Ne2 cxd4
9.cxd4 O-O 10.O-O Nc6 11.Be3 e6 12.Rb1 Rb8 13.Bb5 Bd7 14.Qd2 a6 15.Bd3 b5
16.e5 Qa5 17.Rfc1 Qxd2 18.Bxd2 Rbc8 19.Be4 Na7 20.Bb7 Rxc1+ 21.Rxc1 Bc8 22.Bf3 Rd8
23.Ba5 Rd7 24.Bb6 Bh6 25.Rc2 Bb7 26.Bxa7 Bxf3 27.Rc8+ Kg7 28.Bc5  1-0

[Event "26th Liechtenstein Open"]
[Site "Triesen LIE"]
[Date "2008.04.29"]
[Round "5"]
[White "Horvath,Maria AUT"]
[Black "Benes,Pe1"]
[Result "0-1"]
[WhiteElo "2011"]
[BlackElo "2138"]

1.d4 Nf6 2.c4 g6 3.Nc3 d5 4.cxd5 Nxd5 5.e4 Nxc3 6.bxc3 Bg7 7.Nf3 O-O 8.Rb1 b6
9.Bd3 c5 10.Be3 Nc6 11.Qa4 Bd7 12.Bb5 Qc7 13.O-O a6 14.Bxc6 Bxc6 15.Qc2 Bb5
16.Rfc1 Rfc8 17.d5 Bd7 18.c4 e6 19.Qd2 exd5 20.Bf4 Qb7 21.exd5 b5 22.Bh6 Bh8
23.Qf4 b4 24.Ng5 Bf5 25.Rb3 Qd7 26.h3 Re8 27.g4 f6 28.gxf5 fxg5 29.Qxg5 Re5
30.Re3 Rxf5 31.Qe7 Rf7 32.Qxd7 Rxd7 33.Rce1 Bd4 34.Re7 Rxe7 35.Rxe7 a5 36.d6 Bf6
37.Rc7 a4 38.d7 Rd8 39.Be3 b3 40.axb3 axb3 41.Bxc5 b2  0-1

[Event "26th Liechtenstein Open"]
[Site "Triesen LIE"]
[Date "2008.04.29"]
[Round "5"]
[White "Zeltwanger,A"]
[Black "Keller,M1"]
[Result "1/2-1/2"]
[WhiteElo "2242"]
[BlackElo "2245"]

1.d4 Nf6 2.c4 g6 3.Nc3 d5 4.cxd5 Nxd5 5.e4 Nxc3 6.bxc3 Bg7 7.Nf3 c5 8.Rb1 O-O
9.Be2 b6 10.O-O Bb7 11.e5 cxd4 12.cxd4 Nc6 13.Qa4 Qd5 14.Be3 Na5 15.Ne1 Bc6  1/2-1/2

[Event "26th Liechtenstein Open"]
[Site "Triesen LIE"]
[Date "2008.05.01"]
[Round "7"]
[White "Mira,H"]
[Black "Rous,D"]
[Result "1-0"]
[WhiteElo "2147"]
[BlackElo "1649"]

1.d4 Nf6 2.c4 g6 3.Nc3 d5 4.cxd5 Nxd5 5.e4 Nxc3 6.bxc3 Bg7 7.Qa4+ c6 8.Nf3 O-O
9.Be2 c5 10.O-O cxd4 11.cxd4 Nc6 12.Be3 Bg4 13.Rfd1 Rc8 14.Rac1 Qa5 15.Qxa5 Nxa5
16.d5 b6 17.Ba6 Bxf3 18.gxf3 Rxc1 19.Rxc1 Be5 20.f4 Bb8 21.Kg2 Rd8 22.Bc8 f6
23.h4 Kg7 24.Kf3 h6 25.Rc2 Bd6 26.Ba6 Bb8 27.Bd2 Bd6 28.Bc3 Kf7 29.e5 Ba3
30.Rd2 f5 31.Rd1 Bc5 32.Rc1 Ba3 33.Rc2 Rd7 34.e6+  1-0

[Event "Stuttgarter Stadtmeisterschaft A"]
[Site "Ditzingen GER"]
[Date "2008.05.04"]
[Round "7"]
[White "Schloetzer,W"]
[Black "Wolbert,C"]
[Result "1-0"]
[WhiteElo "2268"]
[BlackElo "2171"]

1.d4 Nf6 2.c4 g6 3.Nc3 d5 4.cxd5 Nxd5 5.e4 Nxc3 6.bxc3 Bg7 7.Bc4 O-O 8.Ne2 c5
9.O-O Nc6 10.Be3 cxd4 11.cxd4 Na5 12.Bd3 b6 13.Rb1 Bg4 14.f3 Bd7 15.Qd2 f5
16.d5 fxe4 17.fxe4 Rxf1+ 18.Rxf1 Rc8 19.Bg5 Bg4 20.Qf4 Bxe2 21.Bxe2 Kh8 22.Bg4 Rc4
23.Be6 Bd4+ 24.Kh1 Bf6 25.d6 Rc5 26.e5 Rxe5 27.dxe7  1-0

[Event "Father Ivan Cvitanovic Mem"]
[Site "Split CRO"]
[Date "2008.05.05"]
[Round "8"]
[White "Drazic,S"]
[Black "Ljubicic,F"]
[Result "1/2-1/2"]
[WhiteElo "2497"]
[BlackElo "2471"]

1.d4 Nf6 2.c4 g6 3.Nc3 d5 4.cxd5 Nxd5 5.e4 Nxc3 6.bxc3 Bg7 7.Bc4 c5 8.Ne2 O-O
9.O-O cxd4 10.cxd4 Nc6 11.Be3 Bg4 12.f3 Bd7 13.Rc1  1/2-1/2